01608nam a22002657a 450000500170000000800410001702000180005804000350007604100080011104400070011908200170012624501370014326001030028030000450038350000790042850400530050752005640056065000290112465000370115365000470119070000300123770000230126770000230129070000290131320170930020002.0150115s2014 ck il. r0 000 0 spa d a9789588575636 aCO-BoPUJcCO-BoIAVHdCO-BoIAVH0 aspa ack04a333.95bB44b00aBiodiversidad 2014 :bestado y tendencias de la biodiversidad continental de Colombia.cEditado por Bello, Juan Carlos ... [et al.]  aBogotá : bInstituto de Investigación de Recursos Biológicos Alexander von Humboldt, c2014. a104 p.c32 cm.bil. (col), mapas, tablas aContiene 9 mapas en transparencia cod CID-038474. Solicitar en biblioteca. aIncluye referencias bibliográficas (p. 91-96). aEn los últimos veinte años la población colombiana se incrementó en una tercera parte, mientras nuestra sociedad crece, se concentra en las ciudades y se globaliza, ocurren grandes transformaciones de los territorios, tantas que ya es casi imposible imaginar cómo era esa Colombia de hace cien o doscienctos años... Cada vez se hace mas necesario contar con un panorama amplio de la biodiversidad continental colombiana, haciendo énfasis en los procesos de transformación, en sus causas, consecuencias y oportunidades para el bienestar humano.14aMedio ambientezColombia24aDiversidad biológicazColombia24aBiodiversidad.vinvestigación.yColombia1 aBello, Juan Carlosecood.1 aBáez, Mayraeed.1 aNagele, Lauraeed.1 aOrrego Santa, Oscareed.